000 01305nam a2200397 c 4500
001 22522
003 ES-MaCES
005 20160712140534.0
008 091009s2009 xxkd t 000 | eng d
020 _a9780521518215 (hbk)
020 _a9780521732116 (pbk)
035 _aCES20090010168m
040 _aES-MaCES
_bspa
_cES-MaCES
100 1 _aBoadway, Robin
_97940
245 1 0 _aFiscal federalism
_b: principles and practices of multiorder governance
_cRobin Boadway, Anwar Shah
250 _a1st ed
260 _aCambridge (UK) [etc.]
_bCambridge University Press
_c2009
300 _aVIII, 620 p.
_bgráf. bl. y n.
_c23 cm
500 _aÍndices
504 _aBibliografía: p. 2557-583
541 _cCompra
650 4 _aadministración fiscal
_927209
650 4 _adescentralización
_927218
650 4 _atransferencia de competencias
_930889
650 4 _apolítica fiscal
_928082
650 4 _adistribución del ingreso
_927109
650 4 _adistribución del gasto
_930938
650 4 _aservicios públicos
_927230
650 4 _aadministración financiera
_927208
653 1 0 _aFiscalidad
700 1 _aShah, Anwar
_923973
710 2 _91710
_aCambridge University
_eed.
902 _aLIB Libro
942 _2CES
_cBK
_h0.1.
999 _c22522
_d22522